[Event "Russian Championship (Rapid, Men)"]
[Site "Sochi"]
[Date "2018.10.06"]
[Round "8.36"]
[White "Savitskiy, Sergey"]
[Black "Derjabin, Ilja"]
[Result "1/2-1/2"]
[BlackElo "2305"]
[WhiteElo "2449"]
[LiveChessVersion "1.4.8"]

1. e4 {[%clk 0:15:18]} e6 {[%clk 0:15:14]} 2. d4 {[%clk 0:15:26]} d5
{[%clk 0:15:23]} 3. Nc3 {[%clk 0:15:34]} Nf6 {[%clk 0:15:32]} 4. Bg5
{[%clk 0:15:43]} Be7 {[%clk 0:15:40]} 5. e5 {[%clk 0:15:51]} Ne4 {[%clk 0:15:48]}
6. Nxe4 {[%clk 0:15:19]} dxe4 {[%clk 0:15:56]} 7. Bxe7 {[%clk 0:14:54]} Qxe7
{[%clk 0:16:04]} 8. c3 {[%clk 0:13:22]} c5 {[%clk 0:16:09]} 9. Qg4
{[%clk 0:10:48]} cxd4 {[%clk 0:13:36]} 10. Qxg7 {[%clk 0:10:55]} Rf8
{[%clk 0:13:44]} 11. Ne2 {[%clk 0:11:03]} Nc6 {[%clk 0:13:30]} 12. O-O-O
{[%clk 0:11:02]} Bd7 {[%clk 0:09:44]} 13. Nxd4 {[%clk 0:05:04]} Nxd4
{[%clk 0:09:42]} 14. Rxd4 {[%clk 0:05:12]} O-O-O {[%clk 0:09:50]} 15. Be2
{[%clk 0:02:47]} Rg8 {[%clk 0:04:39]} 16. Qh6 {[%clk 0:02:55]} Rxg2
{[%clk 0:04:27]} 17. Rhd1 {[%clk 0:02:57]} Rgg8 {[%clk 0:02:47]} 18. Rxe4
{[%clk 0:02:39]} Bc6 {[%clk 0:02:48]} 19. Red4 {[%clk 0:02:44]} Rxd4
{[%clk 0:02:49]} 20. Rxd4 {[%clk 0:02:53]} Qg5+ {[%clk 0:02:47]} 21. Qxg5
{[%clk 0:02:47]} Rxg5 {[%clk 0:02:56]} 22. f4 {[%clk 0:01:38]} Rg1+
{[%clk 0:01:37]} 23. Bd1 {[%clk 0:00:24]} Rh1 {[%clk 0:01:35]} 24. Rd2
{[%clk 0:00:14]} Rf1 {[%clk 0:01:19]} 25. Rd4 {[%clk 0:00:14]} Rh1
{[%clk 0:01:09]} 26. Rd2 {[%clk 0:00:23]} Be4 {[%clk 0:00:45]} 27. Rf2
{[%clk 0:00:21]} Kd7 {[%clk 0:00:35]} 28. Kd2 {[%clk 0:00:26]} Ke7
{[%clk 0:00:40]} 29. b4 {[%clk 0:00:21]} Rg1 {[%clk 0:00:41]} 30. a4
{[%clk 0:00:28]} b6 {[%clk 0:00:49]} 31. Bc2 {[%clk 0:00:21]} Bxc2
{[%clk 0:00:57]} 32. Kxc2 {[%clk 0:00:30]} h5 {[%clk 0:01:07]} 33. c4
{[%clk 0:00:15]} h4 {[%clk 0:01:10]} 34. c5 {[%clk 0:00:16]} bxc5
{[%clk 0:01:15]} 35. bxc5 {[%clk 0:00:25]} h3 {[%clk 0:01:20]} 36. Rd2
{[%clk 0:00:24]} a5 {[%clk 0:00:23]} 37. c6 {[%clk 0:00:24]} Rg2 {[%clk 0:00:31]}
38. Kc3 {[%clk 0:00:16]} Rxd2 {[%clk 0:00:39]} 39. Kxd2 {[%clk 0:00:25]} Kd8
{[%clk 0:00:48]} 40. Ke3 {[%clk 0:00:17]} Kc7 {[%clk 0:00:57]} 41. Kf3
{[%clk 0:00:26]} Kxc6 {[%clk 0:01:05]} 42. Kg3 {[%clk 0:00:36]} Kc5
{[%clk 0:01:06]} 43. Kxh3 {[%clk 0:00:44]} Kb4 {[%clk 0:01:15]} 44. Kg4
{[%clk 0:00:47]} Kxa4 {[%clk 0:01:24]} 45. h4 {[%clk 0:00:56]} Kb4
{[%clk 0:01:17]} 46. h5 {[%clk 0:01:05]} a4 {[%clk 0:01:26]} 47. h6
{[%clk 0:01:10]} a3 {[%clk 0:01:36]} 48. h7 {[%clk 0:01:19]} a2 {[%clk 0:01:45]}
49. h8=Q {[%clk 0:01:26]} a1=Q {[%clk 0:01:53]} 50. Qf8+ {[%clk 0:00:51]} Kc3
{[%clk 0:01:50]} 51. Qxf7 {[%clk 0:00:54]} Qg1+ {[%clk 0:01:53]} 52. Kh5
{[%clk 0:01:01]} Qh2+ {[%clk 0:01:41]} 53. Kg6 {[%clk 0:00:48]} Qg3+
{[%clk 0:01:44]} 54. Kf6 {[%clk 0:00:31]} Qxf4+ {[%clk 0:01:48]} 55. Kxe6
{[%clk 0:00:40]} Qc4+ {[%clk 0:01:45]} 56. Ke7 {[%clk 0:00:49]} Qb4+
{[%clk 0:01:34]} 57. Kd7 {[%clk 0:00:30]} Qb5+ {[%clk 0:01:32]} 58. Kd6
{[%clk 0:00:22]} Qb6+ {[%clk 0:01:41]} 59. Ke7 {[%clk 0:00:23]} Qb4+
{[%clk 0:01:49]} 60. Ke6 {[%clk 0:00:17]} Qc4+ {[%clk 0:01:53]} 61. Kf6
{[%clk 0:00:26]} 1/2-1/2

[Event "Russian Championship (Rapid, Men)"]
[Site "Sochi"]
[Date "2018.10.06"]
[Round "9.1"]
[White "Tomashevsky, Evgeny"]
[Black "Artemiev, Vladislav"]
[Result "1/2-1/2"]
[BlackElo "2764"]
[WhiteElo "2726"]
[LiveChessVersion "1.4.8"]

1. Nf3 {[%clk 0:15:18]} g6 {[%clk 0:14:47]} 2. e4 {[%clk 0:15:15]} d6
{[%clk 0:14:55]} 3. d4 {[%clk 0:15:23]} Nf6 {[%clk 0:15:04]} 4. Nc3
{[%clk 0:15:32]} Bg7 {[%clk 0:15:12]} 5. Be2 {[%clk 0:15:39]} O-O
{[%clk 0:15:19]} 6. O-O {[%clk 0:15:46]} Nc6 {[%clk 0:15:10]} 7. d5
{[%clk 0:14:03]} Nb8 {[%clk 0:15:18]} 8. Re1 {[%clk 0:13:32]} e5 {[%clk 0:15:19]}
9. dxe6 {[%clk 0:12:07]} Bxe6 {[%clk 0:15:26]} 10. h3 {[%clk 0:11:15]} Nc6
{[%clk 0:15:32]} 11. Bf4 {[%clk 0:11:23]} Re8 {[%clk 0:15:04]} 12. Qd2
{[%clk 0:10:32]} d5 {[%clk 0:15:10]} 13. exd5 {[%clk 0:10:27]} Nxd5
{[%clk 0:15:19]} 14. Nxd5 {[%clk 0:10:36]} Qxd5 {[%clk 0:15:27]} 15. Qxd5
{[%clk 0:10:45]} Bxd5 {[%clk 0:15:36]} 16. c3 {[%clk 0:10:54]} Ne5
{[%clk 0:15:28]} 17. Nxe5 {[%clk 0:09:29]} Bxe5 {[%clk 0:15:36]} 18. Bb5
{[%clk 0:09:36]} c6 {[%clk 0:15:18]} 19. Bxc6 {[%clk 0:09:36]} Bxc6
{[%clk 0:15:24]} 20. Bxe5 {[%clk 0:08:06]} Rad8 {[%clk 0:15:01]} 21. Bf6
{[%clk 0:07:19]} Rxe1+ {[%clk 0:14:07]} 22. Rxe1 {[%clk 0:07:28]} Rd6
{[%clk 0:13:45]} 23. Bd4 {[%clk 0:07:00]} a6 {[%clk 0:13:54]} 24. Re7
{[%clk 0:06:23]} Kf8 {[%clk 0:13:56]} 25. Re2 {[%clk 0:05:52]} Re6
{[%clk 0:14:01]} 26. Rd2 {[%clk 0:05:58]} Re1+ {[%clk 0:13:17]} 27. Kh2
{[%clk 0:06:07]} Bb5 {[%clk 0:12:36]} 28. Bc5+ {[%clk 0:02:54]} Ke8
{[%clk 0:12:45]} 29. Rd6 {[%clk 0:00:41]} Re6 {[%clk 0:12:21]} 30. Rxe6+
{[%clk 0:00:32]} fxe6 {[%clk 0:12:30]} 31. g4 {[%clk 0:00:41]} Kd7
{[%clk 0:11:09]} 32. Kg3 {[%clk 0:00:36]} e5 {[%clk 0:11:11]} 33. f3
{[%clk 0:00:39]} Ke6 {[%clk 0:11:18]} 34. Kf2 Bd3 35. Ke3 {[%clk 0:00:48]} Bb1
{[%clk 0:10:36]} 36. a4 {[%clk 0:00:47]} 1/2-1/2

[Event "Russian Championship (Rapid, Men)"]
[Site "Sochi"]
[Date "2018.10.06"]
[Round "9.2"]
[White "Morozevich, Alexander"]
[Black "Oparin, Grigoriy"]
[Result "1/2-1/2"]
[BlackElo "2671"]
[WhiteElo "2672"]
[LiveChessVersion "1.4.8"]

1. e4 {[%clk 0:13:06]} e5 {[%clk 0:15:10]} 2. Nf3 {[%clk 0:13:09]} Nc6
{[%clk 0:15:18]} 3. Bb5 {[%clk 0:13:00]} a6 {[%clk 0:15:25]} 4. Ba4
{[%clk 0:13:09]} Nf6 {[%clk 0:15:30]} 5. d3 {[%clk 0:13:18]} b5 {[%clk 0:15:31]}
6. Bb3 {[%clk 0:13:27]} Bc5 {[%clk 0:15:39]} 7. Nc3 {[%clk 0:13:28]} d6
{[%clk 0:14:43]} 8. Nd5 {[%clk 0:13:37]} h6 {[%clk 0:14:45]} 9. c3
{[%clk 0:13:38]} Rb8 {[%clk 0:14:29]} 10. O-O {[%clk 0:12:55]} O-O
{[%clk 0:14:33]} 11. d4 {[%clk 0:11:23]} Ba7 {[%clk 0:14:41]} 12. Be3
{[%clk 0:11:32]} Ng4 {[%clk 0:14:18]} 13. a4 {[%clk 0:10:39]} b4 {[%clk 0:13:31]}
14. a5 {[%clk 0:10:34]} bxc3 {[%clk 0:13:31]} 15. bxc3 {[%clk 0:10:43]} Ne7
{[%clk 0:09:44]} 16. dxe5 {[%clk 0:10:11]} Nxe3 {[%clk 0:08:15]} 17. Nxe3
{[%clk 0:10:07]} dxe5 {[%clk 0:06:14]} 18. Nxe5 {[%clk 0:06:21]} 1/2-1/2

[Event "Russian Championship (Rapid, Men)"]
[Site "Sochi"]
[Date "2018.10.06"]
[Round "9.3"]
[White "Savchenko, Boris"]
[Black "Matlakov, Maxim"]
[Result "1-0"]
[BlackElo "2678"]
[WhiteElo "2652"]
[LiveChessVersion "1.4.8"]

1. e4 {[%clk 0:15:14]} e5 {[%clk 0:13:04]} 2. f4 {[%clk 0:15:14]} d5
{[%clk 0:13:11]} 3. exd5 {[%clk 0:15:22]} exf4 {[%clk 0:13:19]} 4. Nf3
{[%clk 0:15:29]} Nf6 {[%clk 0:13:27]} 5. Bb5+ {[%clk 0:15:37]} c6
{[%clk 0:13:00]} 6. dxc6 {[%clk 0:15:44]} Nxc6 {[%clk 0:12:52]} 7. d4
{[%clk 0:15:12]} Bd6 {[%clk 0:11:59]} 8. O-O {[%clk 0:15:18]} O-O
{[%clk 0:12:05]} 9. c3 {[%clk 0:15:16]} Nd5 {[%clk 0:11:01]} 10. Re1
{[%clk 0:14:43]} Bg4 {[%clk 0:11:04]} 11. Bd3 {[%clk 0:12:04]} Re8
{[%clk 0:11:00]} 12. Nbd2 {[%clk 0:11:51]} Ne3 {[%clk 0:09:58]} 13. Qe2
{[%clk 0:11:56]} Qd7 {[%clk 0:07:50]} 14. Ne4 {[%clk 0:10:44]} Bf8
{[%clk 0:07:04]} 15. h3 {[%clk 0:08:54]} Bh5 {[%clk 0:05:51]} 16. Bxe3
{[%clk 0:08:48]} fxe3 {[%clk 0:05:58]} 17. g4 {[%clk 0:08:53]} Bg6
{[%clk 0:04:19]} 18. Qxe3 {[%clk 0:08:53]} Bd6 {[%clk 0:03:22]} 19. Qd2
{[%clk 0:08:49]} Bc7 {[%clk 0:03:07]} 20. Nc5 {[%clk 0:08:44]} Qd5
{[%clk 0:03:16]} 21. Bxg6 {[%clk 0:02:55]} hxg6 {[%clk 0:02:19]} 22. Qg2
{[%clk 0:02:43]} b6 {[%clk 0:01:49]} 23. Nd3 {[%clk 0:02:44]} Qb5
{[%clk 0:01:56]} 24. Rxe8+ {[%clk 0:02:38]} Rxe8 {[%clk 0:02:04]} 25. Re1
{[%clk 0:02:42]} Re7 {[%clk 0:01:40]} 26. Rxe7 {[%clk 0:02:38]} Nxe7
{[%clk 0:01:49]} 27. Nfe5 {[%clk 0:02:02]} f6 {[%clk 0:01:49]} 28. c4
{[%clk 0:00:27]} Qa6 {[%clk 0:01:56]} 29. Nc6 {[%clk 0:00:28]} Nxc6
{[%clk 0:01:59]} 30. Qxc6 {[%clk 0:00:35]} Qxa2 {[%clk 0:02:07]} 31. Kf2
{[%clk 0:00:34]} Qb1 {[%clk 0:02:00]} 32. Ke2 {[%clk 0:00:30]} Qc2+
{[%clk 0:01:29]} 33. Ke3 {[%clk 0:00:39]} Bh2 {[%clk 0:01:36]} 34. Qh1
{[%clk 0:00:47]} g5 {[%clk 0:01:32]} 35. c5 {[%clk 0:00:28]} bxc5
{[%clk 0:01:25]} 36. dxc5 {[%clk 0:00:37]} Bf4+ {[%clk 0:01:20]} 37. Kd4
{[%clk 0:00:44]} Be5+ {[%clk 0:01:24]} 38. Nxe5 {[%clk 0:00:36]} Qxb2+
{[%clk 0:01:26]} 39. Kc4 {[%clk 0:00:33]} fxe5 {[%clk 0:01:30]} 40. Qd5+
{[%clk 0:00:32]} Kh7 {[%clk 0:01:22]} 41. Qd3+ {[%clk 0:00:22]} Kh6
{[%clk 0:01:24]} 42. Qd6+ {[%clk 0:00:16]} Kh7 {[%clk 0:01:32]} 43. c6
{[%clk 0:00:14]} e4 {[%clk 0:01:23]} 44. c7 {[%clk 0:00:22]} Qc2+
{[%clk 0:01:20]} 45. Kd4 {[%clk 0:00:26]} a5 {[%clk 0:00:11]} 46. Qd8
{[%clk 0:00:32]} Qd3+ {[%clk 0:00:20]} 47. Ke5 {[%clk 0:00:40]} Qc3+
{[%clk 0:00:27]} 48. Ke6 {[%clk 0:00:24]} Qc6+ {[%clk 0:00:33]} 49. Ke5
{[%clk 0:00:18]} Qc5+ {[%clk 0:00:41]} 50. Kxe4 {[%clk 0:00:21]} Qc4+
{[%clk 0:00:48]} 51. Ke3 {[%clk 0:00:16]} Qc5+ {[%clk 0:00:34]} 52. Kd3
{[%clk 0:00:17]} Qb5+ {[%clk 0:00:42]} 53. Kd4 {[%clk 0:00:24]} Qb4+
{[%clk 0:00:44]} 54. Ke3 {[%clk 0:00:31]} Qc5+ {[%clk 0:00:51]} 55. Ke4
{[%clk 0:00:26]} Qc4+ {[%clk 0:00:59]} 56. Ke5 {[%clk 0:00:35]} Qc5+
{[%clk 0:01:07]} 57. Ke6 {[%clk 0:00:43]} Qc4+ {[%clk 0:01:01]} 58. Kd6
{[%clk 0:00:40]} Qd4+ {[%clk 0:01:00]} 59. Ke7 {[%clk 0:00:15]} Qe5+
{[%clk 0:00:48]} 60. Kf8 {[%clk 0:00:20]} Qf4+ {[%clk 0:00:52]} 61. Ke8
{[%clk 0:00:27]} Qe4+ {[%clk 0:00:49]} 62. Qe7 {[%clk 0:00:33]} Qa8+
{[%clk 0:00:13]} 63. Kd7 {[%clk 0:00:40]} Qb7 {[%clk 0:00:11]} 64. Qc5
{[%clk 0:00:41]} a4 {[%clk 0:00:11]} 65. Kd8 {[%clk 0:00:47]} 1-0

[Event "Russian Championship (Rapid, Men)"]
[Site "Sochi"]
[Date "2018.10.06"]
[Round "9.4"]
[White "Bocharov, Ivan"]
[Black "Demchenko, Anton"]
[Result "1-0"]
[BlackElo "2620"]
[WhiteElo "2668"]
[LiveChessVersion "1.4.8"]

1. e4 {[%clk 0:15:10]} c5 {[%clk 0:15:14]} 2. Nf3 {[%clk 0:15:28]} d6
{[%clk 0:15:23]} 3. d4 {[%clk 0:15:35]} cxd4 {[%clk 0:15:32]} 4. Nxd4
{[%clk 0:15:44]} Nf6 {[%clk 0:15:40]} 5. Nc3 {[%clk 0:15:53]} Nc6
{[%clk 0:15:49]} 6. f3 {[%clk 0:15:56]} e5 {[%clk 0:15:51]} 7. Nb3
{[%clk 0:16:04]} Be7 {[%clk 0:15:55]} 8. Be3 {[%clk 0:15:54]} Be6
{[%clk 0:16:03]} 9. Nd5 {[%clk 0:15:24]} Bxd5 {[%clk 0:16:09]} 10. exd5
{[%clk 0:15:33]} Nb4 {[%clk 0:16:12]} 11. c4 {[%clk 0:14:47]} a5 {[%clk 0:16:20]}
12. a3 {[%clk 0:14:41]} Na6 {[%clk 0:16:26]} 13. Be2 {[%clk 0:14:15]} O-O
{[%clk 0:16:07]} 14. O-O {[%clk 0:14:23]} Nd7 {[%clk 0:15:53]} 15. Nd2
{[%clk 0:13:06]} Bg5 {[%clk 0:15:45]} 16. Bf2 {[%clk 0:13:05]} Nac5
{[%clk 0:14:20]} 17. Ne4 {[%clk 0:12:58]} Nxe4 {[%clk 0:14:13]} 18. fxe4
{[%clk 0:13:07]} a4 {[%clk 0:14:14]} 19. Bd3 {[%clk 0:11:07]} Qc7
{[%clk 0:13:39]} 20. Qh5 {[%clk 0:10:19]} Bh6 {[%clk 0:12:38]} 21. Rad1
{[%clk 0:09:17]} Nc5 {[%clk 0:12:04]} 22. Bc2 {[%clk 0:07:24]} Rfc8
{[%clk 0:09:47]} 23. Kh1 {[%clk 0:06:00]} Qd7 {[%clk 0:09:44]} 24. Be1
{[%clk 0:05:36]} Nb3 {[%clk 0:08:16]} 25. Bd3 {[%clk 0:03:43]} Nc1
{[%clk 0:05:25]} 26. Bc3 {[%clk 0:03:52]} Nxd3 {[%clk 0:05:19]} 27. Rxd3
{[%clk 0:04:01]} Rxc4 {[%clk 0:05:04]} 28. Rg3 {[%clk 0:04:10]} Kh8
{[%clk 0:01:14]} 29. Rxf7 {[%clk 0:03:39]} Qe8 {[%clk 0:01:23]} 30. Rgf3
{[%clk 0:02:29]} Rxe4 {[%clk 0:01:22]} 31. g3 {[%clk 0:02:35]} Rc4
{[%clk 0:00:53]} 32. Qf5 {[%clk 0:02:42]} Qg8 {[%clk 0:00:21]} 33. Qe6
{[%clk 0:02:39]} Rd8 {[%clk 0:00:17]} 34. Qe7 {[%clk 0:02:10]} Rcc8
{[%clk 0:00:21]} 35. Qxb7 {[%clk 0:02:18]} Rf8 {[%clk 0:00:26]} 36. Qe7
{[%clk 0:01:25]} Rxf7 {[%clk 0:00:35]} 37. Rxf7 {[%clk 0:01:34]} Re8
{[%clk 0:00:38]} 38. Qd7 {[%clk 0:01:36]} Rd8 {[%clk 0:00:42]} 39. Qf5
{[%clk 0:00:53]} Qe8 {[%clk 0:00:16]} 40. Ba5 {[%clk 0:00:59]} Ra8
{[%clk 0:00:14]} 41. Bc7 {[%clk 0:00:57]} Kg8 {[%clk 0:00:22]} 42. Rd7
{[%clk 0:00:58]} g6 {[%clk 0:00:11]} 43. Qe6+ {[%clk 0:00:57]} Qxe6
{[%clk 0:00:20]} 44. dxe6 {[%clk 0:01:06]} Re8 {[%clk 0:00:29]} 45. Rxd6
{[%clk 0:00:56]} e4 {[%clk 0:00:33]} 46. Kg2 {[%clk 0:01:05]} Bg7
{[%clk 0:00:38]} 47. Rb6 {[%clk 0:01:04]} Bf8 {[%clk 0:00:36]} 48. Be5
{[%clk 0:01:02]} Bc5 {[%clk 0:00:13]} 49. Rc6 {[%clk 0:01:08]} Be3
{[%clk 0:00:15]} 50. Bc3 {[%clk 0:01:13]} h5 {[%clk 0:00:18]} 51. Kf1
{[%clk 0:01:12]} Kf8 {[%clk 0:00:13]} 52. Ke2 {[%clk 0:01:19]} Bg5
{[%clk 0:00:20]} 53. Ra6 {[%clk 0:01:22]} Bh6 {[%clk 0:00:20]} 54. Bf6
{[%clk 0:01:25]} Bc1 {[%clk 0:00:15]} 55. Rc6 {[%clk 0:01:29]} Bh6
{[%clk 0:00:23]} 56. Rd6 {[%clk 0:01:34]} Kg8 {[%clk 0:00:12]} 57. e7
{[%clk 0:01:31]} Kf7 {[%clk 0:00:20]} 58. Rd8 {[%clk 0:01:40]} Bc1
{[%clk 0:00:25]} 59. h3 {[%clk 0:01:20]} Bh6 {[%clk 0:00:21]} 60. g4
{[%clk 0:01:09]} hxg4 {[%clk 0:00:30]} 61. hxg4 {[%clk 0:01:18]} Bf4
{[%clk 0:00:40]} 62. g5 {[%clk 0:01:23]} Bc1 {[%clk 0:00:48]} 63. Rd1
{[%clk 0:01:29]} Bf4 {[%clk 0:00:53]} 64. Rd4 {[%clk 0:01:38]} Bc1
{[%clk 0:00:13]} 65. Rxe4 {[%clk 0:01:32]} Rb8 {[%clk 0:00:21]} 66. Rb4
{[%clk 0:01:40]} Ra8 {[%clk 0:00:19]} 67. Rc4 {[%clk 0:01:43]} Bxb2
{[%clk 0:00:19]} 68. Bxb2 {[%clk 0:01:52]} Kxe7 {[%clk 0:00:28]} 69. Rc6
{[%clk 0:01:52]} Rb8 {[%clk 0:00:34]} 70. Bc3 {[%clk 0:01:57]} Rb3
{[%clk 0:00:41]} 71. Bb4+ {[%clk 0:02:01]} Kf7 {[%clk 0:00:51]} 72. Rf6+
{[%clk 0:02:08]} Kg7 {[%clk 0:01:00]} 73. Rf3 {[%clk 0:02:13]} Rb1
{[%clk 0:01:08]} 74. Kd3 {[%clk 0:02:15]} Rg1 {[%clk 0:01:16]} 75. Bc3+
{[%clk 0:02:16]} Kg8 {[%clk 0:01:25]} 76. Bf6 {[%clk 0:02:22]} Rg4
{[%clk 0:01:33]} 77. Kc3 {[%clk 0:02:24]} Kf7 {[%clk 0:01:42]} 78. Rd3
{[%clk 0:02:33]} Ke6 {[%clk 0:01:50]} 79. Rd4 {[%clk 0:02:42]} Rg3+
{[%clk 0:01:59]} 80. Kb4 {[%clk 0:02:51]} Rb3+ {[%clk 0:02:01]} 81. Kxa4
{[%clk 0:03:00]} Rb8 {[%clk 0:02:10]} 82. Rd8 {[%clk 0:03:00]} Rb7
{[%clk 0:02:19]} 83. Rg8 {[%clk 0:03:07]} Kd5 {[%clk 0:02:26]} 84. Rc8
{[%clk 0:03:06]} Rb6 {[%clk 0:02:31]} 85. Ka5 {[%clk 0:03:13]} Rb3
{[%clk 0:02:40]} 86. a4 {[%clk 0:03:22]} Kd6 {[%clk 0:02:48]} 87. Ka6
{[%clk 0:03:28]} Kd7 {[%clk 0:02:57]} 88. Rc2 {[%clk 0:03:34]} Rb8
{[%clk 0:03:05]} 89. a5 {[%clk 0:03:43]} Ra8+ {[%clk 0:03:09]} 90. Kb6
{[%clk 0:03:51]} Rb8+ {[%clk 0:03:19]} 91. Ka7 {[%clk 0:04:01]} Rb5
{[%clk 0:03:27]} 92. a6 {[%clk 0:04:10]} Rb3 {[%clk 0:03:36]} 93. Ka8
{[%clk 0:04:17]} Rb4 {[%clk 0:03:44]} 94. a7 {[%clk 0:04:23]} Rb5
{[%clk 0:03:54]} 95. Rb2 {[%clk 0:04:32]} 1-0

[Event "Russian Championship (Rapid, Men)"]
[Site "Sochi"]
[Date "2018.10.06"]
[Round "9.7"]
[White "Alekseev, Evgeny"]
[Black "Maletin, Pavel"]
[Result "1/2-1/2"]
[BlackElo "2570"]
[WhiteElo "2655"]
[LiveChessVersion "1.4.8"]

1. c4 {[%clk 0:15:18]} e5 {[%clk 0:14:41]} 2. d3 {[%clk 0:14:51]} Nf6
{[%clk 0:14:41]} 3. Nf3 {[%clk 0:14:56]} Nc6 {[%clk 0:14:49]} 4. Nc3
{[%clk 0:14:52]} d5 {[%clk 0:13:42]} 5. cxd5 {[%clk 0:15:00]} Nxd5
{[%clk 0:13:51]} 6. e3 {[%clk 0:14:54]} Be7 {[%clk 0:13:55]} 7. Be2
{[%clk 0:14:58]} O-O {[%clk 0:14:02]} 8. O-O {[%clk 0:15:05]} Be6
{[%clk 0:14:06]} 9. Bd2 {[%clk 0:14:19]} f5 {[%clk 0:13:01]} 10. a3
{[%clk 0:13:21]} Qe8 {[%clk 0:12:26]} 11. b4 {[%clk 0:12:37]} a6 {[%clk 0:12:30]}
12. Nxd5 {[%clk 0:11:34]} Bxd5 {[%clk 0:12:39]} 13. Bc3 {[%clk 0:11:39]} Qg6
{[%clk 0:11:33]} 14. g3 {[%clk 0:11:46]} Bf6 {[%clk 0:10:49]} 15. a4
{[%clk 0:10:00]} Rae8 {[%clk 0:08:47]} 16. b5 {[%clk 0:08:49]} Nd8
{[%clk 0:08:56]} 17. Nd2 {[%clk 0:07:06]} Nf7 {[%clk 0:07:42]} 18. e4
{[%clk 0:05:40]} Be6 {[%clk 0:07:42]} 19. exf5 {[%clk 0:04:41]} Bxf5
{[%clk 0:07:42]} 20. Ne4 {[%clk 0:04:41]} Be7 {[%clk 0:07:06]} 21. Bf3
{[%clk 0:04:20]} Rd8 {[%clk 0:06:15]} 22. Qe2 {[%clk 0:03:11]} Kh8
{[%clk 0:06:18]} 1/2-1/2

[Event "Russian Championship (Rapid, Men)"]
[Site "Sochi"]
[Date "2018.10.06"]
[Round "9.9"]
[White "Sarana, Alexey"]
[Black "Paravyan, David"]
[Result "1/2-1/2"]
[BlackElo "2630"]
[WhiteElo "2612"]
[LiveChessVersion "1.4.8"]

1. Nf3 {[%clk 0:15:15]} d5 {[%clk 0:15:10]} 2. d4 {[%clk 0:15:23]} Nf6
{[%clk 0:15:18]} 3. c4 {[%clk 0:15:32]} c6 {[%clk 0:15:27]} 4. Nc3
{[%clk 0:15:40]} dxc4 {[%clk 0:15:34]} 5. a4 {[%clk 0:15:48]} Bf5
{[%clk 0:15:39]} 6. Ne5 {[%clk 0:15:52]} Nbd7 {[%clk 0:15:47]} 7. Nxc4
{[%clk 0:16:01]} Qc7 {[%clk 0:15:56]} 8. g3 {[%clk 0:15:40]} e5 {[%clk 0:16:04]}
9. dxe5 {[%clk 0:15:46]} Nxe5 {[%clk 0:16:13]} 10. Bf4 {[%clk 0:15:54]} Nfd7
{[%clk 0:16:22]} 11. Bg2 {[%clk 0:15:56]} f6 {[%clk 0:16:01]} 12. O-O
{[%clk 0:15:59]} Rd8 {[%clk 0:16:03]} 13. Nxe5 {[%clk 0:15:36]} Nxe5
{[%clk 0:16:08]} 14. Qb3 {[%clk 0:15:43]} Qf7 {[%clk 0:15:53]} 15. Qxf7+
{[%clk 0:15:32]} Kxf7 {[%clk 0:16:01]} 16. Rfc1 {[%clk 0:13:09]} Bb4
{[%clk 0:12:57]} 17. Ne4 {[%clk 0:10:18]} Bxe4 {[%clk 0:13:04]} 18. Bxe4
{[%clk 0:10:26]} Rd4 {[%clk 0:13:13]} 19. Bc2 Bd2 {[%clk 0:12:44]} 20. Rd1
{[%clk 0:10:12]} Rhd8 {[%clk 0:12:25]} 21. Bxe5 {[%clk 0:08:50]} fxe5
{[%clk 0:12:33]} 22. Ra3 {[%clk 0:08:45]} g6 {[%clk 0:11:42]} 23. Rd3
{[%clk 0:08:00]} Bb4 {[%clk 0:11:33]} 24. Kg2 {[%clk 0:07:42]} Rxd3
{[%clk 0:10:06]} 25. Bxd3 {[%clk 0:07:46]} Kf6 {[%clk 0:10:01]} 26. Kf3
{[%clk 0:07:39]} Rd4 {[%clk 0:10:04]} 27. Rc1 {[%clk 0:07:21]} a5
{[%clk 0:09:38]} 28. h4 {[%clk 0:07:12]} h6 {[%clk 0:09:16]} 29. Ke3
{[%clk 0:07:02]} Bd6 {[%clk 0:08:47]} 30. b3 {[%clk 0:07:05]} Bb8
{[%clk 0:07:44]} 31. Kf3 {[%clk 0:07:01]} Rb4 {[%clk 0:07:29]} 32. Rc3
{[%clk 0:06:33]} g5 {[%clk 0:07:14]} 33. hxg5+ {[%clk 0:06:33]} hxg5
{[%clk 0:07:22]} 34. Bc2 {[%clk 0:05:45]} e4+ {[%clk 0:06:50]} 35. Kg2
{[%clk 0:05:51]} Ba7 {[%clk 0:06:52]} 36. e3 {[%clk 0:05:48]} Bb6
{[%clk 0:03:58]} 37. Kh3 {[%clk 0:05:50]} Ke5 {[%clk 0:03:59]} 38. Kg4
{[%clk 0:05:23]} Bd8 {[%clk 0:04:07]} 39. Rc5+ {[%clk 0:05:03]} Kd6
{[%clk 0:04:17]} 40. Rf5 {[%clk 0:04:54]} b5 {[%clk 0:04:22]} 41. Rf8
{[%clk 0:05:00]} Kd7 {[%clk 0:03:19]} 42. Rf7+ {[%clk 0:04:45]} Be7
{[%clk 0:03:15]} 43. Rh7 {[%clk 0:04:06]} Ke6 {[%clk 0:02:50]} 44. Rh8
{[%clk 0:04:01]} bxa4 {[%clk 0:02:54]} 45. bxa4 {[%clk 0:04:10]} c5
{[%clk 0:02:43]} 46. Ra8 {[%clk 0:04:10]} Ke5 {[%clk 0:02:40]} 47. Re8
{[%clk 0:03:30]} Kf6 {[%clk 0:02:35]} 48. Ra8 {[%clk 0:03:24]} Ke5
{[%clk 0:02:44]} 49. Re8 {[%clk 0:03:29]} Kf6 {[%clk 0:02:53]} 50. Ra8
{[%clk 0:03:05]} Ke5 {[%clk 0:03:02]} 1/2-1/2

[Event "Russian Championship (Rapid, Men)"]
[Site "Sochi"]
[Date "2018.10.06"]
[Round "9.11"]
[White "Grachev, Boris"]
[Black "Kryakvin, Dmitry"]
[Result "1-0"]
[BlackElo "2559"]
[WhiteElo "2667"]
[LiveChessVersion "1.4.8"]

1. Nf3 {[%clk 0:15:17]} d5 {[%clk 0:15:19]} 2. e3 {[%clk 0:15:23]} Nf6
{[%clk 0:14:48]} 3. c4 {[%clk 0:15:15]} dxc4 {[%clk 0:14:56]} 4. Bxc4
{[%clk 0:15:17]} e6 {[%clk 0:15:05]} 5. b3 {[%clk 0:15:02]} a6 {[%clk 0:15:06]}
6. Bb2 {[%clk 0:15:03]} b5 {[%clk 0:15:14]} 7. Be2 {[%clk 0:15:11]} Bb7
{[%clk 0:15:22]} 8. a4 {[%clk 0:14:43]} bxa4 {[%clk 0:14:22]} 9. Rxa4
{[%clk 0:14:39]} c5 {[%clk 0:14:20]} 10. O-O {[%clk 0:12:41]} Nbd7
{[%clk 0:14:09]} 11. Na3 {[%clk 0:11:50]} Nb6 {[%clk 0:13:20]} 12. Rh4
{[%clk 0:11:20]} Be7 {[%clk 0:13:09]} 13. Nc4 {[%clk 0:10:13]} Nxc4
{[%clk 0:12:37]} 14. Bxc4 {[%clk 0:09:35]} h5 {[%clk 0:09:43]} 15. Rh3
{[%clk 0:08:07]} Kf8 {[%clk 0:08:46]} 16. Ne5 {[%clk 0:07:24]} Rh6
{[%clk 0:06:33]} 17. f4 {[%clk 0:07:17]} Bd5 {[%clk 0:06:21]} 18. f5
{[%clk 0:06:41]} exf5 {[%clk 0:05:58]} 19. Rxf5 {[%clk 0:06:46]} Bxc4
{[%clk 0:05:52]} 20. bxc4 {[%clk 0:05:45]} Qc8 {[%clk 0:05:41]} 21. Rhf3
{[%clk 0:04:45]} Rb8 {[%clk 0:05:31]} 22. Bc3 {[%clk 0:04:47]} Kg8
{[%clk 0:05:18]} 23. Rf1 {[%clk 0:04:41]} Rb6 {[%clk 0:04:35]} 24. d3
{[%clk 0:03:30]} Qb7 {[%clk 0:04:26]} 25. e4 {[%clk 0:03:21]} Rb3
{[%clk 0:03:43]} 26. Ba1 {[%clk 0:03:22]} Ra3 {[%clk 0:03:38]} 27. h3
{[%clk 0:03:11]} Ra2 {[%clk 0:03:39]} 28. R5f2 {[%clk 0:02:37]} Rxf2
{[%clk 0:03:13]} 29. Rxf2 {[%clk 0:02:45]} Bd6 {[%clk 0:02:58]} 30. Nxf7
{[%clk 0:02:10]} Qxf7 {[%clk 0:02:49]} 31. e5 {[%clk 0:02:19]} Be7
{[%clk 0:02:58]} 32. Qf3 {[%clk 0:01:59]} Qe6 {[%clk 0:02:51]} 33. exf6
{[%clk 0:01:51]} Bxf6 {[%clk 0:03:01]} 34. Re2 {[%clk 0:01:58]} Qf7
{[%clk 0:02:55]} 35. Qa8+ {[%clk 0:01:46]} Kh7 {[%clk 0:03:03]} 36. Qe4+
{[%clk 0:01:18]} Kg8 {[%clk 0:02:10]} 37. Rf2 {[%clk 0:01:16]} Qe7
{[%clk 0:01:44]} 38. Qd5+ {[%clk 0:01:19]} Kf8 {[%clk 0:01:10]} 39. Be5
{[%clk 0:01:00]} Ke8 {[%clk 0:00:55]} 40. Re2 {[%clk 0:00:54]} Rg6
{[%clk 0:00:51]} 41. Re4 {[%clk 0:00:54]} 1-0